000 00662nam a2200205 a 4500
005 20240925063944.0
008 991125s1980 bue 000 0 spa u
020 _a8403520212
035 _aUPN01000037873
049 _aCG
050 4 _aB1854
_bD4.48 1980
100 1 _aDescartes, René,
_d1596-1650
245 1 0 _aMeditaciones metafísicas /
_cRené Descartes ; tr. del latín por Juan Gil Fernández ; pról. de José Antonio Miguez.
260 _aBuenos Aires :
_bAguilar,
_c1980.
300 _a124 p.
440 0 _aBiblioteca de iniciación filosófica ;
_v60
650 7 _aFilosofía francesa
_2
_911991
650 4 _aMetafísica
_916172
905 _aLibro
999 _c37873
_d37873